|
|
|
|
| LEADER |
00000nam a2200000 i 4500 |
| 001 |
1/59766 |
| 008 |
020328s2000 gre d |
| 020 |
|
|
|a 960-86626-3-X
|
| 035 |
|
|
|l 10000555
|
| 040 |
|
|
|a GR-MY-UA
|b gre
|e aacr
|
| 041 |
0 |
|
|a gre
|
| 082 |
0 |
|
|a 914.99
|
| 245 |
1 |
0 |
|a Βιγλίζοντας :
|b "θάλασσα και πολιτισμός. Εξερευνώντας τα μεσαιωνικά παρατηρητήρια" /
|c κείμενα-επιμέλεια: Νίκος Π. Γανιάρης ; 2ο Σύστημα Ναυτοπροσκόπων Χίου; Σώμα Ελλήνων Προσκόπων
|
| 260 |
|
|
|a Χίος :
|b Άλφα πι,
|c c2000
|
| 300 |
|
|
|a 71 p.
|b εικ.
|
| 504 |
|
|
|a Περιλαμβάνει βιβλιογραφία
|
| 651 |
|
0 |
|a Chios Island (Greece)
|x Description and travel.
|
| 700 |
1 |
|
|a Γανιάρης, Νίκος Π.
|
| 710 |
2 |
|
|a 2ο Σύστημα Ναυτοπροσκόπων Χίου.
|
| 710 |
2 |
|
|a Σώμα Ελλήνων Προσκόπων.
|
| 852 |
|
|
|a INST
|b CHIOS
|e 20020328
|h 914.99 ΒΙΓ
|p 005200020010
|q 005200020010
|t BK
|y 0
|
| 901 |
|
|
|a BIBL2-2002-1
|
| 909 |
|
|
|a Χ
|b 099733
|
| 922 |
|
|
|a 2ΕΛΗ
|b 200111
|c ΒΙΒΛΙΟΘΗΚΗ ΧΙΟΥ
|d ΚΡΟΜΜΥΔΑΣ
|
| 970 |
|
|
|a ΣΑΛΑΜΟΥΡΑ
|b ΜΑΡΙΑ
|z 2002/03/28
|